Statistics for Classical Composers by Picture

Click here to take the quiz!

General Stats

  • This quiz has been taken 1,476 times
  • The average score is 22 of 36

Answer Stats

Answer% Correct
Wolfgang Amadeus Mozart
93%
Johann Sebastian Bach
92%
Ludwig van Beethoven
89%
Antonio Vivaldi
87%
Georges Bizet
82%
Пётр Чайковский
(Pyotr Tchaikovsky)
81%
Frédéric Chopin
80%
Edvard Grieg
79%
Georg Friedrich Händel
78%
И́горь Страви́нский
(Igor Stravinsky)
74%
Gustav Holst
71%
Camille Saint-Saëns
69%
Claude Debussy
68%
Franz Liszt
68%
Franz Schubert
67%
Antonín Dvořák
66%
Richard Wagner
66%
Gioachino Rossini
65%
Joseph Haydn
65%
Johannes Brahms
63%
Jean Sibelius
62%
Giuseppe Verdi
59%
Felix Mendelssohn
57%
Leonard Bernstein
57%
Aaron Copland
54%
Maurice Ravel
52%
Серге́й Рахма́нинов
(Sergei Rachmaninoff)
51%
Giacomo Puccini
51%
Gustav Mahler
48%
Béla Bartók
43%
Hector Berlioz
38%
Claudio Monteverdi
37%
Richard Strauss
30%
Arvo Pärt
29%
Anton Bruckner
28%
Ralph Vaughan Williams
27%

Score Distribution

Percentile by Number Answered

Percent of People with Each Score

Your Score History

You have not taken this quiz